[Event "World Rapid 2017"]
[Site "Riyadh KSA"]
[Date "2017.12.28"]
[Round "13.18"]
[White "Cheparinov, Ivan"]
[Black "Laznicka, Viktor"]
[Result "1-0"]
[WhiteTitle "GM"]
[BlackTitle "GM"]
[WhiteElo "2710"]
[BlackElo "2647"]
[WhiteFideId "2905540"]
[BlackFideId "316385"]
[EventDate "2017.12.26"]

1. d4 d5 2. c4 c6 3. Nf3 Nf6 4. g3 Bf5 5. Nc3 e6 6. Nh4 Bg4 7. h3 Bh5 8. Qb3 Qc8
9. g4 Bg6 10. Nxg6 hxg6 11. Bg2 Be7 12. Bd2 Nbd7 13. Rc1 Qb8 14. g5 dxc4 15.
Qxc4 Nd5 16. h4 Nf4 17. Bf3 Nb6 18. Qb3 O-O 19. Ne4 Rd8 20. e3 Nfd5 21. h5 gxh5
22. Bxh5 g6 23. Bg4 e5 24. Qd3 Bf8 25. Nc5 exd4 26. Be6 Ne7 27. Bb3 Bg7 28. e4
Qc8 29. Qf3 Rf8 30. Qf4 a5 31. a4 Nd7 32. Nd3 Qb8 33. Qh4 Re8 34. Qh7+ Kf8 35.
Bf4 Qd8 36. Bd6 Qb6 37. Bc4 c5 38. e5 Qc6 39. Kd2 Nb6 40. Bb5 Qe4 41. Rh4 Qf5
42. Rch1 Qxg5+ 43. Kd1 f5 44. Nf4 Kf7 45. Qxg7+ 1-0

[Event "World Rapid 2017"]
[Site "Riyadh KSA"]
[Date "2017.12.28"]
[Round "13.19"]
[White "Adhiban, Baskaran"]
[Black "Movsesian, Sergei"]
[Result "1/2-1/2"]
[WhiteTitle "GM"]
[BlackTitle "GM"]
[WhiteElo "2655"]
[BlackElo "2647"]
[WhiteFideId "5018471"]
[BlackFideId "310204"]
[EventDate "2017.12.26"]

1. e4 e5 2. Bc4 Nf6 3. d3 Bc5 4. Nc3 d6 5. f4 O-O 6. Nf3 Nc6 7. Na4 Bb6 8. Nxb6
axb6 9. O-O Na5 10. Nd2 exf4 11. Rxf4 Nxc4 12. Nxc4 d5 13. exd5 Nxd5 14. Rf2 Re8
15. Qf3 Re1+ 16. Rf1 Rxf1+ 17. Qxf1 Be6 18. a3 b5 19. Ne3 b4 20. h3 Nxe3 21.
Bxe3 bxa3 22. Rxa3 Rxa3 23. bxa3 Qe7 24. Qf4 h6 1/2-1/2

[Event "World Rapid 2017"]
[Site "Riyadh KSA"]
[Date "2017.12.28"]
[Round "13.20"]
[White "Savchenko, Boris"]
[Black "Amonatov, Farrukh"]
[Result "1-0"]
[WhiteTitle "GM"]
[BlackTitle "GM"]
[WhiteElo "2566"]
[BlackElo "2636"]
[WhiteFideId "4147332"]
[BlackFideId "14700077"]
[EventDate "2017.12.26"]

1. e4 c5 2. Nf3 d6 3. d4 cxd4 4. Nxd4 Nf6 5. Nc3 a6 6. Bg5 e6 7. f4 Qc7 8. Qf3
b5 9. a3 Bb7 10. O-O-O Nbd7 11. Kb1 Rc8 12. Bd3 Qb6 13. Bxf6 Nxf6 14. Na2 Be7
15. Rhe1 O-O 16. c3 d5 17. e5 Ne4 18. f5 Bc5 19. f6 g6 20. Qf4 Kh8 21. Nf3 Rfd8
22. Bxe4 dxe4 23. Ng5 Kg8 24. Nxf7 Rd3 25. Nd6 Bxd6 26. f7+ Kf8 27. exd6 Qd8 28.
Rxd3 exd3 29. Rxe6 Qd7 30. Qh6+ Kxf7 31. Re7+ Qxe7 32. Qxh7+ 1-0

[Event "World Rapid 2017"]
[Site "Riyadh KSA"]
[Date "2017.12.28"]
[Round "13.21"]
[White "Aronian, Levon"]
[Black "Jobava, Baadur"]
[Result "1/2-1/2"]
[WhiteTitle "GM"]
[BlackTitle "GM"]
[WhiteElo "2805"]
[BlackElo "2690"]
[WhiteFideId "13300474"]
[BlackFideId "13601520"]
[EventDate "2017.12.26"]

1. d4 d5 2. c4 c6 3. Nf3 Nf6 4. Nc3 dxc4 5. a4 Bf5 6. Ne5 Na6 7. e3 Nb4 8. Bxc4
e6 9. O-O Bd6 10. Qe2 h6 11. e4 Bh7 12. Rd1 O-O 13. Bf4 Qe7 14. Bg3 Rad8 15. Bh4
g5 16. Bg3 c5 17. dxc5 Bxc5 18. h4 Rxd1+ 19. Rxd1 Rd8 20. Rf1 Bd4 21. Nf3 Bxc3
22. bxc3 Nc6 23. hxg5 Nxe4 24. gxh6 Nxg3 25. fxg3 Qc5+ 26. Rf2 Bf5 27. Nh4 Ne5
28. Nxf5 exf5 29. Qh5 Qe3 30. Qxf5 Rd1+ 31. Bf1 Rd6 32. Qf4 Qc5 33. Be2 Kh7 34.
g4 Rxh6 35. Qd4 Rc6 36. Rf5 f6 37. g5 Kg6 38. Rxf6+ Kxg5 39. Rxc6 Qxd4+ 40. cxd4
Nxc6 41. d5 Nd4 42. Kf2 Kf6 43. Bc4 Nf5 44. g4 Nd6 45. Bd3 Ke5 46. g5 Kxd5 47.
Kg3 Ke6 48. Kf4 b6 49. Ba6 Ke7 50. Be2 Nb7 51. Ke4 1/2-1/2

[Event "World Rapid 2017"]
[Site "Riyadh KSA"]
[Date "2017.12.28"]
[Round "13.22"]
[White "Petrosian, Tigran L."]
[Black "Vallejo Pons, Francisco"]
[Result "0-1"]
[WhiteTitle "GM"]
[BlackTitle "GM"]
[WhiteElo "2601"]
[BlackElo "2707"]
[WhiteFideId "13301616"]
[BlackFideId "2205530"]
[EventDate "2017.12.26"]

1. Nf3 d5 2. g3 Nd7 3. Bg2 e5 4. O-O Ngf6 5. d3 Bd6 6. c4 d4 7. e3 dxe3 8. Bxe3
O-O 9. Nc3 c6 10. Re1 Ng4 11. Bg5 Qb6 12. Qe2 Bc5 13. Rf1 h6 14. Bc1 Qc7 15. h3
Ngf6 16. Re1 Re8 17. Be3 Bd6 18. Rad1 b6 19. Nh4 Nc5 20. b4 Ne6 21. b5 Bd7 22.
Qb2 Rac8 23. Nf5 c5 24. Nh4 Rcd8 25. Kh2 Bc8 26. Qd2 Nf4 27. Bf1 g5 28. Nf3 Bb7
29. Ng1 Ba8 30. Qc1 Qd7 31. f3 Ne6 32. Ne4 Qe7 33. Ne2 Bc7 34. N2c3 Nh5 35. g4
Nhg7 36. Ng3 Bxf3 37. Be2 Ba8 38. Nce4 Nf4 39. Qc3 Rd7 40. Bf1 Red8 41. Rd2 Qe6
42. a4 f5 43. gxf5 Nxf5 44. Rf2 Nd4 45. a5 Rf8 46. Qa1 Rdf7 47. axb6 axb6 48.
Bxd4 cxd4 49. Qa2 Kh8 50. c5 Bd5 51. Qc2 bxc5 52. Qxc5 Bb6 53. Qd6 Qxd6 54. Nxd6
Rf6 55. Nde4 R6f7 56. Ra1 Rb8 57. Ra6 Ra7 58. Nf6 Be6 59. Rc2 Rxa6 60. bxa6 Rc8
61. Rb2 Rc6 62. Nge4 Bc8 63. Ng4 Bxa6 64. Nxe5 Re6 65. Nd7 Bc7 66. Rc2 Nd5+ 67.
Kg1 Bf4 68. Ndc5 Rc6 69. Ra2 Bc8 70. Ra8 Kg7 71. Kf2 Be3+ 72. Kg3 Bf4+ 73. Kf2
Be3+ 74. Kg3 h5 75. Ra7+ Kh6 76. Bg2 Nf4 77. Bf1 Bf5 78. Rf7 h4+ 79. Kf3 Bxe4+
80. Nxe4 Rc1 81. Be2 Re1 82. Rf6+ Kg7 83. Rf5 Nxe2 84. Rb5 Nc3 85. Rb7+ Kg6 86.
Rb6+ Kf7 87. Nd6+ Ke6 88. Nc4+ Kd7 89. Rb3 Rg1 90. Rxc3 Rg3+ 0-1

[Event "World Rapid 2017"]
[Site "Riyadh KSA"]
[Date "2017.12.28"]
[Round "13.23"]
[White "Salem, A.R. Saleh"]
[Black "Bacrot, Etienne"]
[Result "1-0"]
[WhiteTitle "GM"]
[BlackTitle "GM"]
[WhiteElo "2638"]
[BlackElo "2725"]
[WhiteFideId "9301348"]
[BlackFideId "605506"]
[EventDate "2017.12.26"]

1. d4 d5 2. c4 e6 3. Nc3 Be7 4. Nf3 Nf6 5. Bg5 h6 6. Bxf6 Bxf6 7. e3 c6 8. Qc2
Nd7 9. h4 g6 10. O-O-O Bg7 11. e4 dxc4 12. e5 O-O 13. Ne4 c5 14. h5 cxd4 15.
hxg6 fxg6 16. Rxd4 Qa5 17. Nf6+ Nxf6 18. Qxg6 Bd7 19. Bxc4 Rac8 20. Kb1 Rxc4 21.
Rxc4 Be8 22. Qg3 Nh5 23. Qg4 Rxf3 24. Qxf3 Qxe5 25. Qxb7 Kh7 26. Rc7 Bg6+ 27.
Ka1 Qd4 28. Rd7 Qe5 29. f3 Nf4 30. Rc1 a6 31. Rxg7+ Qxg7 32. Rc7 1-0

[Event "World Rapid 2017"]
[Site "Riyadh KSA"]
[Date "2017.12.28"]
[Round "13.24"]
[White "Li, Chao b"]
[Black "Wang, Yue"]
[Result "0-1"]
[WhiteTitle "GM"]
[BlackTitle "GM"]
[WhiteElo "2732"]
[BlackElo "2690"]
[WhiteFideId "8604436"]
[BlackFideId "8601429"]
[EventDate "2017.12.26"]

1. b3 e5 2. Bb2 d6 3. e3 c5 4. d4 cxd4 5. exd4 Nc6 6. Nf3 e4 7. Nfd2 f5 8. d5
Ne5 9. Nxe4 fxe4 10. Bxe5 dxe5 11. Qh5+ g6 12. Qxe5+ Kf7 13. Qxh8 Bg7 14. Qxh7
Qg5 0-1

[Event "World Rapid 2017"]
[Site "Riyadh KSA"]
[Date "2017.12.28"]
[Round "13.25"]
[White "McShane, Luke J"]
[Black "Kuzubov, Yuriy"]
[Result "0-1"]
[WhiteTitle "GM"]
[BlackTitle "GM"]
[WhiteElo "2640"]
[BlackElo "2699"]
[WhiteFideId "404853"]
[BlackFideId "14112906"]
[EventDate "2017.12.26"]

1. e4 d6 2. g3 Nf6 3. Bg2 e5 4. Ne2 h5 5. h3 c5 6. d3 Be7 7. Nbc3 Nc6 8. Be3 Nd4
9. f4 b5 10. Qd2 b4 11. Nd1 Nd7 12. Bf2 Nxe2 13. Qxe2 h4 14. g4 exf4 15. e5 Nb6
16. Bxa8 Nxa8 17. a3 Bb7 18. Rf1 b3 19. cxb3 O-O 20. Nc3 dxe5 21. O-O-O f6 22.
g5 fxg5 23. Qxe5 Qd7 24. d4 Bf6 25. Qxc5 Nb6 26. Kb1 Qxh3 27. Rfe1 Qf3 28. Bg1
h3 29. d5 Rc8 30. Qd6 Rxc3 31. Qe6+ Kh7 32. Rf1 Qg2 33. Rf2 Qg3 34. Qf5+ Kh6 35.
bxc3 Qxc3 36. Ka2 Bxd5 37. Qc2 Na4 38. Qb1 Qe5 39. Rc2 Bf3 40. Rdc1 Qe6 41. Rc4
Nb6 42. Re1 Qd7 43. Rcc1 Nd5 44. Rf1 Qb5 45. Rf2 Nb4+ 46. axb4 Qa6# 0-1

[Event "World Rapid 2017"]
[Site "Riyadh KSA"]
[Date "2017.12.28"]
[Round "13.26"]
[White "Melkumyan, Hrant"]
[Black "Fressinet, Laurent"]
[Result "0-1"]
[WhiteTitle "GM"]
[BlackTitle "GM"]
[WhiteElo "2633"]
[BlackElo "2662"]
[WhiteFideId "13302485"]
[BlackFideId "608742"]
[EventDate "2017.12.26"]

1. c4 c6 2. Nf3 d5 3. g3 g6 4. Qa4 d4 5. d3 Bg7 6. Bg2 e5 7. h4 h6 8. Nbd2 Ne7
9. b4 Nd7 10. c5 Nd5 11. Ne4 O-O 12. h5 g5 13. Bd2 a5 14. Rc1 f5 15. Nd6 Qe7 16.
bxa5 Nxc5 17. Nxc8 Nxa4 18. Nxe7+ Nxe7 19. g4 e4 20. Nh2 exd3 21. exd3 Nc3 22.
Rc2 Rxa5 23. O-O Rfa8 24. Re1 Kf8 25. Rb2 R8a7 26. gxf5 Rxa2 27. f6 Bxf6 28. Bc1
Rxb2 29. Bxb2 Ra2 30. Bc1 Ra1 31. Bf1 b5 32. Ng4 Bg7 33. f4 gxf4 34. Kf2 Ned5
35. Bg2 b4 36. Be4 Nxe4+ 37. dxe4 Ne3 38. Nh2 d3 39. Nf3 Ng4+ 40. Kg2 Bc3 41.
Rf1 Ne3+ 42. Bxe3 fxe3 0-1

[Event "World Rapid 2017"]
[Site "Riyadh KSA"]
[Date "2017.12.28"]
[Round "13.27"]
[White "Howell, David W L"]
[Black "Fedorchuk, Sergey A."]
[Result "1/2-1/2"]
[WhiteTitle "GM"]
[BlackTitle "GM"]
[WhiteElo "2676"]
[BlackElo "2648"]
[WhiteFideId "410608"]
[BlackFideId "14102536"]
[EventDate "2017.12.26"]

1. c4 e5 2. Nc3 Nc6 3. g3 Bc5 4. Bg2 d6 5. e3 a6 6. Nf3 Nf6 7. O-O Ba7 8. d4
exd4 9. exd4 O-O 10. h3 h6 11. Re1 Re8 12. Be3 Ne7 13. d5 Bxe3 14. Rxe3 Bd7 15.
Qd2 b5 16. cxb5 axb5 17. b4 Ng6 18. Rxe8+ Qxe8 19. Nd4 Ne5 20. Qe2 Rb8 21. Rc1
Qc8 22. Kh2 Qb7 23. f4 Ng6 24. Re1 Qb6 25. Qd3 Kf8 26. Ne6+ Kg8 27. Nd4 h5 28.
Qd2 Kf8 29. Bf3 Ne7 30. Qd3 Ra8 31. Re2 Ra3 32. Nb3 Nf5 33. Qd2 h4 34. g4 Ng3
35. Re1 c5 36. Qe3 Qd8 37. bxc5 b4 38. Nb1 Rxa2+ 39. N1d2 dxc5 40. Qxc5+ Kg8 41.
Qxb4 Ba4 42. Kg1 Nxd5 43. Qd4 Qb6 44. Qxb6 Nxb6 45. Rb1 Nd7 46. Ne4 Nxe4 47.
Bxe4 Ra3 48. Nc5 f5 49. Bd5+ Kh7 50. Nxa4 Rxa4 51. Be6 Nc5 52. Bxf5+ g6 53. Bc2
Rxf4 54. Rb6 Ne4 55. Re6 Ng5 56. Rxg6 Nxh3+ 57. Kg2 Rf2+ 58. Kxh3 Rxc2 59. Ra6
Rc5 60. Kxh4 Kg7 61. Ra7+ Kg6 62. Ra6+ 1/2-1/2

[Event "World Rapid 2017"]
[Site "Riyadh KSA"]
[Date "2017.12.28"]
[Round "13.28"]
[White "Leko, Peter"]
[Black "Nguyen, Ngoc Truong Son"]
[Result "1/2-1/2"]
[WhiteTitle "GM"]
[BlackTitle "GM"]
[WhiteElo "2691"]
[BlackElo "2630"]
[WhiteFideId "703303"]
[BlackFideId "12401110"]
[EventDate "2017.12.26"]

1. e4 e5 2. Nf3 Nf6 3. Nxe5 d6 4. Nf3 Nxe4 5. Nc3 Nxc3 6. dxc3 Nc6 7. Be3 Be7 8.
Qd2 Be6 9. O-O-O Qd7 10. b3 a6 11. h3 Bf6 12. g4 h6 13. Bg2 O-O-O 14. Nd4 Bxd4
15. Bxd4 f5 16. Bxc6 bxc6 17. g5 c5 18. Be3 hxg5 19. Bxg5 Rde8 20. h4 Bf7 21. f3
Bh5 22. Qd5 Kb8 23. Rhf1 Qc8 24. Rd2 Re5 25. Qd3 Rhe8 26. Kb2 Ka7 27. c4 Qe6 28.
Qc3 g6 29. Rff2 Re1 30. Rd5 Rh1 31. Rd3 1/2-1/2

[Event "World Rapid 2017"]
[Site "Riyadh KSA"]
[Date "2017.12.28"]
[Round "13.29"]
[White "Almasi, Zoltan"]
[Black "Kasimdzhanov, Rustam"]
[Result "0-1"]
[WhiteTitle "GM"]
[BlackTitle "GM"]
[WhiteElo "2682"]
[BlackElo "2683"]
[WhiteFideId "702293"]
[BlackFideId "14200244"]
[EventDate "2017.12.26"]

1. Nf3 c5 2. c4 Nf6 3. Nc3 d5 4. cxd5 Nxd5 5. g3 Nc6 6. Bg2 Nc7 7. O-O e5 8. a3
Bd7 9. e3 Be7 10. d4 exd4 11. exd4 cxd4 12. Nxd4 O-O 13. Be3 Bf6 14. Rc1 Nxd4
15. Bxd4 Bc6 16. Bxc6 bxc6 17. Bc5 Re8 18. Qxd8 Rexd8 19. Rfd1 Rxd1+ 20. Nxd1
Ne6 21. Be3 Nd8 22. Nc3 Ne6 23. Na4 Rc8 24. Rc4 Rc7 25. b4 Be7 26. Kf1 Kf8 27.
Ke2 Ke8 28. Rc2 Kd7 29. Nb2 h5 30. Nc4 Bf6 31. h4 g6 32. Kd3 Bg7 33. Na5 Bf6 34.
Kc4 Be7 35. Rd2+ Kc8 36. Nb3 a6 37. Rc2 Bf8 38. Kd3 Be7 39. Ke4 Bd8 40. Na5 Kd7
41. Bb6 Rc8 42. Rd2+ Ke7 43. Bxd8+ Nxd8 44. Rc2 Kd6 45. Nc4+ Ke6 46. Nb6 Rc7 47.
Kd4 Nb7 48. Re2+ Kf6 49. Na4 Rd7+ 50. Kc4 Rd5 51. Nb6 Nd6+ 52. Kc3 Nb5+ 53. Kb2
Rd3 54. a4 Nd4 55. Nd7+ Kg7 56. Re4 Rb3+ 57. Ka2 Rxb4 58. Nc5 a5 59. Re5 Rc4 60.
Ka3 Rc3+ 61. Kb2 Rc2+ 62. Kb1 Rxf2 63. Nd3 Rf3 64. Nc1 Rxg3 65. Rxa5 Rg4 66. Ra8
Rxh4 67. a5 Nb5 68. Nb3 Rb4 69. Kc2 h4 0-1

[Event "World Rapid 2017"]
[Site "Riyadh KSA"]
[Date "2017.12.28"]
[Round "13.30"]
[White "Grigoriants, Sergey"]
[Black "Bocharov, Dmitry"]
[Result "1-0"]
[WhiteTitle "GM"]
[BlackTitle "GM"]
[WhiteElo "2561"]
[BlackElo "2583"]
[WhiteFideId "4130804"]
[BlackFideId "4138716"]
[EventDate "2017.12.26"]

1. e4 d6 2. d4 Nf6 3. Nc3 g6 4. Be3 a6 5. Nf3 Bg7 6. Qd2 b5 7. Bh6 O-O 8. Bxg7
Kxg7 9. Bd3 Bb7 10. e5 Nfd7 11. Be4 Bxe4 12. Nxe4 d5 13. Ng3 e6 14. a4 Nc6 15.
h4 h6 16. Ne2 Qe7 17. Rh3 f6 18. Qc3 Nb4 19. axb5 fxe5 20. dxe5 axb5 21. Rxa8
Rxa8 22. Qxc7 Ra1+ 23. Kd2 Na6 24. Qd6 Qf7 25. b4 Nab8 26. Nfd4 Ra6 27. Qc7 Qe7
28. c3 Ra2+ 29. Ke3 Na6 30. Qd6 Qxd6 31. exd6 e5 32. Nxb5 Nb6 33. Nc1 Rc2 34.
Nb3 Nb8 35. Na5 N8d7 36. f4 Rxg2 37. fxe5 Nxe5 38. Kd4 Ned7 39. Nc6 Rg4+ 40. Kd3
Nc4 41. Nc7 Kf6 42. Rf3+ 1-0

[Event "World Rapid 2017"]
[Site "Riyadh KSA"]
[Date "2017.12.28"]
[Round "13.31"]
[White "Esipenko, Andrey"]
[Black "Duda, Jan-Krzysztof"]
[Result "0-1"]
[WhiteTitle "FM"]
[BlackTitle "GM"]
[WhiteElo "2564"]
[BlackElo "2717"]
[WhiteFideId "24175439"]
[BlackFideId "1170546"]
[EventDate "2017.12.26"]

1. d4 Nf6 2. c4 b6 3. Nf3 Bb7 4. g3 c5 5. d5 b5 6. Bg2 bxc4 7. Nc3 d6 8. Nd2 g6
9. Nxc4 Bg7 10. Qa4+ Qd7 11. Qc2 O-O 12. Na5 Na6 13. O-O Rab8 14. Bg5 h6 15. Bf4
Ba8 16. Rad1 Nc7 17. Qc1 Kh7 18. e4 Nb5 19. e5 Nh5 20. Be3 Bxe5 21. Bxh6 Bxc3
22. bxc3 Nxc3 23. Rde1 Rfe8 24. Nc6 Rbc8 25. Bg5 Nxd5 26. Bxd5 Bxc6 27. Bxf7 Qh3
28. f3 Nxg3 29. Bxe8 Rxe8 30. Qc4 Kg7 31. Rf2 Nf5 32. Qg4 Qh5 33. h4 e5 34. Qh3
Rf8 35. f4 e4 36. Rd2 Kh7 37. Red1 e3 38. Rxd6 Nxd6 39. Rxd6 e2 40. Kf2 e1=Q+
41. Kxe1 Re8+ 42. Kd2 Qe2+ 43. Kc1 Re3 44. Rd7+ Kg8 45. Rd8+ Kf7 46. Rd7+ Kg8
47. Rd8+ Be8 48. Qh1 Qc4+ 49. Kd1 Qe2+ 50. Kc1 Qc4+ 51. Kd1 Kh7 52. Qb7+ Bf7 53.
Bf6 Qf1+ 54. Kd2 Re2+ 55. Kc3 Qc1+ 0-1

[Event "World Rapid 2017"]
[Site "Riyadh KSA"]
[Date "2017.12.28"]
[Round "13.32"]
[White "Akobian, Varuzhan"]
[Black "Ponkratov, Pavel"]
[Result "1-0"]
[WhiteTitle "GM"]
[BlackTitle "GM"]
[WhiteElo "2647"]
[BlackElo "2613"]
[WhiteFideId "13300580"]
[BlackFideId "4157800"]
[EventDate "2017.12.26"]

1. d4 Nf6 2. c4 e6 3. Nf3 c5 4. d5 exd5 5. cxd5 d6 6. Nc3 g6 7. Bf4 a6 8. a4 Bg7
9. e3 O-O 10. h3 Qe7 11. Bd3 Nbd7 12. O-O Ne8 13. e4 Rb8 14. Re1 Nc7 15. Qd2 Ne5
16. Nxe5 Bxe5 17. Bxe5 Qxe5 18. a5 b5 19. axb6 Rxb6 20. Bc4 Nb5 21. Bxb5 axb5
22. f4 Qe7 23. e5 dxe5 24. fxe5 b4 25. d6 Qe6 26. Nd5 Rb7 27. Rad1 Kg7 28. Nf6
Bd7 29. Ng4 g5 30. Rf1 h6 31. Rf6 Qc4 32. Nxh6 Qd4+ 33. Qxd4 cxd4 34. Rxd4 Rb5
35. Nf5+ Kh7 36. Rg4 Bxf5 37. Rxf5 Kh6 38. Rgxg5 f6 39. exf6 Rb6 40. d7 b3 41.
f7 Rb7 42. Rg8 1-0

[Event "World Rapid 2017"]
[Site "Riyadh KSA"]
[Date "2017.12.28"]
[Round "13.33"]
[White "Kryvoruchko, Yuriy"]
[Black "Zhao, Jun"]
[Result "0-1"]
[WhiteTitle "GM"]
[BlackTitle "GM"]
[WhiteElo "2689"]
[BlackElo "2604"]
[WhiteFideId "14109182"]
[BlackFideId "8602522"]
[EventDate "2017.12.26"]

1. e4 e5 2. Nf3 Nc6 3. Bc4 Bc5 4. O-O Nf6 5. d3 O-O 6. h3 h6 7. Re1 d6 8. c3 Bb6
9. a4 a6 10. Nbd2 Be6 11. b4 Qd7 12. Bxe6 Qxe6 13. Nc4 Ba7 14. Qc2 Ne7 15. Be3
Bxe3 16. Nxe3 Rfe8 17. c4 c6 18. Nh2 Nh5 19. Rad1 a5 20. Rb1 axb4 21. Rxb4 Ra7
22. Reb1 Rea8 23. Rxb7 Rxa4 24. Rb8+ Kh7 25. Rxa8 Rxa8 26. Nf3 c5 27. Nd5 Nxd5
28. cxd5 Qf6 29. Kh2 Nf4 30. Ne1 Qh4 31. Nf3 Qf6 32. Ng1 Ra3 33. Rb3 Ra1 34. Rb1
Ra3 35. Rb3 Ra1 36. g3 Ng6 37. Qe2 Qg5 38. Rc3 Qd8 39. Rc2 Qa5 40. Nf3 Qa4 41.
Kg2 Ne7 42. Rb2 Qa3 43. Qc2 f5 44. Rb7 fxe4 45. dxe4 Qa6 46. Rb1 Rxb1 47. Qxb1
Qe2 48. Ng1 Qc4 49. h4 Ng8 50. f3 Nf6 51. g4 h5 52. g5 Ng8 53. Qb7 Qc2+ 54. Kh1
Qf2 55. Qd7 Qxh4+ 56. Nh3 Ne7 57. Kg2 Ng6 58. Qxd6 Nf4+ 59. Nxf4 exf4 60. Qe5
Qg3+ 61. Kf1 Qxf3+ 62. Ke1 Qe3+ 63. Kd1 Qd3+ 64. Ke1 Qg3+ 65. Kd2 Qe3+ 66. Kc2
Qe2+ 67. Kc3 Qe1+ 68. Kc2 Qe2+ 69. Kc3 Qe1+ 70. Kc2 Qf2+ 71. Kb3 Qf3+ 72. Kc4
Qg4 73. Kxc5 f3 74. Qh2 Qxg5 75. e5 Qe3+ 76. Kb5 Kh6 77. Qh3 Qe2+ 78. Kc6 f2 79.
Qe6+ g6 80. Qg8 f1=Q 81. Qh8+ Kg5 82. Qd8+ Kg4 83. e6 Qc4+ 84. Kd6 Qxd5+ 0-1

[Event "World Rapid 2017"]
[Site "Riyadh KSA"]
[Date "2017.12.28"]
[Round "13.34"]
[White "Moiseenko, Alexander"]
[Black "Riazantsev, Alexander"]
[Result "1-0"]
[WhiteTitle "GM"]
[BlackTitle "GM"]
[WhiteElo "2667"]
[BlackElo "2650"]
[WhiteFideId "14102560"]
[BlackFideId "4125029"]
[EventDate "2017.12.26"]

1. d4 Nf6 2. Bg5 d5 3. e3 c5 4. Bxf6 gxf6 5. dxc5 e6 6. c4 Qa5+ 7. Nd2 dxc4 8.
Bxc4 Nd7 9. Nf3 Qxc5 10. Rc1 Qb6 11. O-O Bg7 12. Qc2 O-O 13. Rfd1 f5 14. Bb3 Qb4
15. Nc4 Nc5 16. Nce5 b6 17. Bc4 Bb7 18. a3 Qa4 19. b4 Qxc2 20. Rxc2 Be4 21. Rcc1
Na4 22. Bb3 Bxf3 23. Nxf3 Nc3 24. Rd2 a5 25. g3 Rfc8 26. Kg2 a4 27. Bd1 Ne4 28.
Rxc8+ Rxc8 29. Rd7 b5 30. Nd2 Nf6 31. Rd3 e5 32. Be2 Bf8 33. Nb1 Ne4 34. f3 Nd6
35. Rc3 Rb8 36. Rc7 e4 37. f4 Bg7 38. Kf2 Bb2 39. Rc2 Ba1 40. Rc5 Bb2 41. Ke1
Kf8 42. Kd2 Ke7 43. Kc2 Bf6 44. Nc3 Bxc3 45. Kxc3 Ke6 46. h3 h5 47. Kd4 Rg8 48.
Re5+ Kf6 49. Rd5 Ke6 50. Re5+ Kf6 51. Bxb5 Rxg3 52. Bxa4 Rxh3 53. Kc5 Nb7+ 54.
Kb6 Nd8 55. Bd7 Rxe3 56. a4 Rb3 57. b5 h4 58. Bxf5 e3 59. Bg4 Ne6 60. a5 Nxf4
61. Rf5+ Kg6 62. Rxf4 Kg5 63. Ra4 f5 64. Bf3 h3 65. a6 h2 66. Ra1 Kf4 67. a7
Kxf3 68. a8=Q+ Kf2 69. Qh1 Kg3 70. Qe1+ 1-0

[Event "World Rapid 2017"]
[Site "Riyadh KSA"]
[Date "2017.12.28"]
[Round "13.35"]
[White "Vidit, Santosh Gujrathi"]
[Black "Ganguly, Surya Shekhar"]
[Result "1/2-1/2"]
[WhiteTitle "GM"]
[BlackTitle "GM"]
[WhiteElo "2715"]
[BlackElo "2650"]
[WhiteFideId "5029465"]
[BlackFideId "5002150"]
[EventDate "2017.12.26"]

1. e4 c5 2. Nf3 e6 3. d4 cxd4 4. Nxd4 Nc6 5. Nc3 Qc7 6. g3 a6 7. Bg2 Nf6 8. O-O
d6 9. Re1 Nd7 10. b3 Be7 11. Bb2 O-O 12. Nce2 Nce5 13. h3 Nc5 14. f4 Rd8 15. Qd2
b5 16. Kh2 Ned7 17. Qc3 Bf6 18. b4 e5 19. bxc5 exd4 20. Nxd4 b4 21. cxd6 Qxd6
22. Qe3 Bxd4 23. Bxd4 Bb7 24. e5 Qc7 25. e6 Bxg2 26. exf7+ Kh8 27. Kxg2 Qxc2+
28. Kg1 Qg6 29. Qb3 Nf8 30. Rad1 Rd7 31. Bc5 Rxf7 32. Rd6 Rf6 33. Rxf6 Qxf6 34.
Qxb4 Qf5 35. g4 Qf7 36. f5 Rc8 37. Bd4 Rc4 38. Qd6 Kg8 39. Re2 h5 40. Kf2 hxg4
41. hxg4 Ra4 42. a3 Qc4 43. Rd2 Qb3 44. Qe5 Qf7 45. Qd6 Qb3 46. Qc7 Rxd4 47.
Rxd4 Qb2+ 48. Ke3 Qxa3+ 49. Ke4 Qh3 50. Qc4+ Kh7 51. g5 Qg4+ 52. Ke5 Nd7+ 53.
Ke6 Nf8+ 54. Ke5 Nd7+ 55. Ke6 Nf8+ 56. Kd6 Qxf5 57. Rh4+ Kg6 58. Rf4 Qd7+ 59.
Ke5 Qe7+ 60. Kd5 Qe6+ 61. Kd4 Qxc4+ 62. Kxc4 Ne6 63. Rf3 Nxg5 64. Ra3 Kf5 65.
Rxa6 Ne6 66. Ra5+ Ke4 67. Ra6 Nf4 68. Ra7 g5 69. Re7+ Kf3 70. Kd4 Ne2+ 71. Kd3
Nf4+ 72. Kd4 Ne2+ 1/2-1/2

[Event "World Rapid 2017"]
[Site "Riyadh KSA"]
[Date "2017.12.28"]
[Round "13.36"]
[White "Bosiocic, Marin"]
[Black "Salgado Lopez, Ivan"]
[Result "0-1"]
[WhiteTitle "GM"]
[BlackTitle "GM"]
[WhiteElo "2624"]
[BlackElo "2644"]
[WhiteFideId "14507927"]
[BlackFideId "2257327"]
[EventDate "2017.12.26"]

1. d4 Nf6 2. c4 e6 3. Nf3 b6 4. g3 Bb7 5. Bg2 Bb4+ 6. Bd2 a5 7. O-O O-O 8. Bg5
Be7 9. Bxf6 Bxf6 10. Nc3 d6 11. Qc2 Qc8 12. Rad1 Nd7 13. a3 g6 14. e4 Bg7 15.
Rfe1 c6 16. h4 Qc7 17. Qe2 Ba6 18. h5 d5 19. hxg6 hxg6 20. b3 Rad8 21. Ng5 dxc4
22. bxc4 c5 23. Qg4 Rfe8 24. Qh4 cxd4 25. Rxd4 Nc5 26. Rxd8 Rxd8 27. e5 Nd3 28.
Re4 Nxe5 29. Rf4 Qe7 30. Be4 Rd4 31. Ne2 Rd1+ 32. Kg2 Bxc4 33. Qh7+ Kf8 34. Nxf7
Nxf7 35. Bxg6 Bd5+ 36. f3 e5 37. Bxf7 Bxf7 38. Rg4 Qf6 39. Qc2 Rd8 40. Qc7 Rd2
41. Kf2 Qd8 42. Qc3 Rd3 43. Qc1 Bd5 44. Ng1 Bb7 45. Rg5 Rd2+ 46. Ke1 Qxg5 0-1

[Event "World Rapid 2017"]
[Site "Riyadh KSA"]
[Date "2017.12.28"]
[Round "13.37"]
[White "Potkin, Vladimir"]
[Black "Malakhatko, Vadim"]
[Result "1/2-1/2"]
[WhiteTitle "GM"]
[BlackTitle "GM"]
[WhiteElo "2574"]
[BlackElo "2542"]
[WhiteFideId "4131061"]
[BlackFideId "14104202"]
[EventDate "2017.12.26"]

1. c4 e5 2. Nc3 Nc6 3. Nf3 g6 4. d4 exd4 5. Nxd4 Bg7 6. Nxc6 bxc6 7. g3 Ne7 8.
Bg2 O-O 9. O-O Rb8 10. Qc2 c5 11. b3 d6 12. Bb2 Bf5 13. Ne4 Bxe4 14. Bxe4 Nc8
15. Rad1 Bxb2 16. Qxb2 Qe8 17. Bf3 a5 18. Qc3 a4 19. h4 axb3 20. axb3 Ne7 21. h5
Nf5 22. e3 Qe7 23. Ra1 Rb6 24. Kg2 Re8 25. hxg6 hxg6 26. Ra7 Reb8 27. Rh1 Ng7
28. Bd5 Rxb3 29. Qa5 R3b6 30. Qa1 Nh5 31. Rh4 Rb1 32. Qa5 R1b6 33. Qc3 Rb3 34.
Qa5 R3b6 35. Re4 Qd8 36. Qa1 Rb1 37. Qc3 R1b3 38. Qa1 Rb1 39. Qc3 R1b3 40. Qa1
Rb1 41. Qa5 R1b6 42. Rh4 Nf6 43. Bf3 Kg7 44. Rh1 Qe7 45. Qa1 Rb2 46. Qc1 Ne4 47.
Rf1 Qe5 48. Bxe4 Qxe4+ 49. Kg1 R2b7 50. Qc3+ Qe5 51. Qxe5+ dxe5 52. Ra5 e4 53.
Rxc5 Re8 54. Kg2 Re7 55. g4 Rb6 56. Rd1 Rd6 57. Rdd5 Rxd5 58. Rxd5 f6 59. Kg3 g5
60. Kg2 Kf7 61. Rd4 Re5 62. Kf1 Ke7 63. Ke2 c6 64. Kd1 c5 65. Rd2 Re6 66. Ra2
Rb6 67. Ra7+ Kd6 68. Rf7 Ke6 69. Rc7 Kd6 70. Rf7 Ke6 71. Rc7 Kd6 72. Rf7 Ke5 1/2-1/2